| 000 | 00000nam##2200000za#4500 |
| 001 | 9.625853 |
| 003 | CaOODSP |
| 005 | 20220422131444 |
| 007 | ta |
| 008 | 150406|2001||||xxc||||| f|0| 0 fre|d |
| 020 | |a0-662-86572-3 |
| 040 | |aCaOODSP|bfre |
| 043 | |an-cn--- |
| 086 | 1 |aH113-12/2001-1F |
| 110 | 1 |aCanada.|bSanté Canada. |bAgence de réglementation de la lutte antiparasitaire. |
| 245 | 10|aIsocinchoméronate de di-n-propyle (MGK Repellent 326) |
| 260 | |aOttawa - Ontario : |bSanté Canada. |c2001. |
| 300 | |a4p. : |btableaux ; |c28 cm. |
| 490 | 1 |aDécision de réévaluation |vRRD 2001-01 |
| 563 | |aCouverture souple |
| 590 | |a02-02|b2002-01-11 |
| 691 | 07|aPesticide|2gcpds |
| 691 | 07|aRéglementation|2gcpds |
| 775 | 08|tDi-n-propyl isocinchomeronate (MGK Repellent 326) |w(CaOODSP)9.615844 |
| 776 | 0#|tIsocinchoméronate de di-n-propyle (MGK Repellent 326) |w(CaOODSP)9.591006 |
| 830 | #0|aDécision de réévaluation (Canada. Agence de réglementation de la lutte antiparasitaire)|vRRD 2001-01|w(CaOODSP)9.513054 |